| 000 | 00610cam a22002411 4500 | ||
|---|---|---|---|
| 001 | 9318258 | ||
| 005 | 20171215082058.0 | ||
| 008 | 761206s1954 nyu b 000 0 eng | ||
| 010 | _a 53012030 | ||
| 015 | _aGB54-15516 | ||
| 035 | _a(OCoLC)2600320 | ||
| 040 |
_aDLC _cOTU _dOCoLC _dFTaSU _dUk _dDLC |
||
| 041 | _aeng | ||
| 042 | _apremarc | ||
| 080 | _a792 WIL | ||
| 082 | _a792 WIL | ||
| 100 | 1 | _a44 | |
| 101 | _aART | ||
| 245 | 1 | 4 | _aThe theatrical public in the time of Garrick. |
| 504 | _aBibliography: p. [239]-244. | ||
| 906 |
_a7 _bcbc _coclcrpl _du _encip _f19 _gy-gencatlg |
||
| 942 |
_2ddc _cBK |
||
| 999 |
_c39029 _d39029 |
||